00379nam a2200157Ia 45000010006000000050017000060080041000230410008000640820020000721000029000922450047001212600009001683000028001776500008002056540008002131303020260306163024.0260306t1996||||xx |||||||||||||| ||spa|| aESP aRD 658.003bR84 aRosenberg, Jerry M.eAUT 0aDiccionario de administración y finanzas c1996 a641 páginas :c26 cm. aGEN aCAN